Poder Trans: Historieta Latinoamericana.

Đã lưu trong:
Chi tiết về thư mục
Tác giả chính: Aguirre, Gaspar (autor)
Tác giả của công ty: No Tengo Miedo (autor)
Tác giả khác: Arruda, Lino (autor), Oroza, Constanza (autora), Irinue, Ellie (autora), KamiKama (autor), Santellán, Matías (autor), Serafín (autor), Puga, Majo (autora), Lázaro (autor), Mamone, Julia Inés (autora), Bordei, Ivana (autora), Oliver, Patricio (autor), Esborraz, Clara (autora), Brenes, Edo (autor), Barsi, Guido (autor), Rijo, Macarena (autora), Simões, Isadora (autora), Cunha, Lays (autora), Strusa, Manuel (autor), Capella, Flor (autora), Fornaro, Ana (autora), Ludueña, Maru (autora), Machin, Mikel (autor), Labrit, Melipal (autor), Agüero, Gonzalo (autor), Malu (autora), Riviere, Sophia (autora), César, Mário (autor)
Định dạng: Sách
Được phát hành: Rosario, Argentina: Editorial Municipal de Rosario, 2019.
Phiên bản:1a. ed.
Những chủ đề:
Các nhãn: Thêm thẻ
Không có thẻ, Là người đầu tiên thẻ bản ghi này!

MARC

LEADER 00000nam a22000007a 4500
003 CL-VaPUC
005 20250407202500.0
008 250324t2019 ||||| |||| 00| 0 eng d
999 |c 447607  |d 447605 
020 |a 978-987-1912-92-6 
040 |c Pontificia Universidad Católica de Valparaíso 
082 |a 741.5 AGU 2019 
100 |9 897403  |a Aguirre, Gaspar  |e autor 
245 |a Poder Trans:  |b Historieta Latinoamericana. 
250 |a 1a. ed. 
260 |a Rosario, Argentina:  |b Editorial Municipal de Rosario,  |c 2019. 
300 |a 140 páginas:  |b ilustraciones. 
500 |a c.1. Instituto Arcos.08-01-2025. 
583 |c 20250324  |k Gabriela Rodríguez Cuevas 
650 0 |9 560301  |a Diversidad sexual  |x Comics  |z América Latina 
650 0 |9 546897  |a Transgénero   |x Historietas  |z América Latina 
700 |9 897404  |a Arruda, Lino  |e autor 
700 |9 897405  |a Oroza, Constanza  |e autora 
700 |9 897406  |a Irinue, Ellie  |e autora 
700 |9 897407  |a KamiKama  |e autor 
700 |9 897408  |a Santellán, Matías  |e autor 
700 |9 897409  |a Serafín  |e autor 
700 |9 895148  |a Puga, Majo  |e autora 
700 |9 897410  |a Lázaro  |e autor 
700 |9 897411  |a Mamone, Julia Inés  |e autora 
700 |9 897414  |a Bordei, Ivana  |e autora 
700 |9 897415  |a Oliver, Patricio  |e autor 
700 |9 897416  |a Esborraz, Clara  |e autora 
700 |9 897417  |a Brenes, Edo  |e autor 
700 |9 897418  |a Barsi, Guido  |e autor 
700 |9 897419  |a Rijo, Macarena  |e autora 
700 |9 897420  |a Simões, Isadora  |e autora 
700 |9 897421  |a Cunha, Lays  |e autora 
700 |9 897422  |a Strusa, Manuel  |e autor 
700 |9 897423  |a Capella, Flor  |e autora 
700 |9 897424  |a Fornaro, Ana  |e autora 
700 |9 897425  |a Ludueña, Maru  |e autora 
700 |9 897426  |a Machin, Mikel  |e autor 
700 |9 897427  |a Labrit, Melipal  |e autor 
700 |9 897428  |a Agüero, Gonzalo  |e autor 
700 |9 897430  |a Malu  |e autora 
700 |9 897431  |a Riviere, Sophia  |e autora 
700 |9 897432  |a César, Mário  |e autor 
710 |9 897429  |a No Tengo Miedo  |e autor 
942 |2 ddc  |c BK  |n 0 
952 |0 0  |1 0  |2 ddc  |4 0  |6 741_500000000000000_AGU_2019  |7 0  |8 A  |9 601810  |a BIBINC  |b BIBINC  |d 2025-03-24  |e Instituto Arcos  |i 5666580  |l 2  |m 1  |o 741.5 AGU 2019  |p 5666580  |r 2025-05-02  |s 2025-04-22  |t 1  |w 2025-03-24  |y BK  |k IFP